| 000 | 00815nam a2200229 i 4500 | ||
|---|---|---|---|
| 001 | 33388 | ||
| 003 | ES-MaACL | ||
| 005 | 20251013212803.0 | ||
| 007 | t| | ||
| 008 | 030202s1980 sp ||||1| spa d | ||
| 100 | 1 |
_aBeth, Evert W. _928652 |
|
| 245 | 1 | 0 |
_aEpistemología matemática y psicología _b: relaciones entre la lógica formal y el pensamiento real / _cEvert W. Beth, Jean Piaget ; traducción... de Víctor Sánchez de Zavala. |
| 250 | _a[2ª ed.]. | ||
| 260 |
_aBarcelona : _bCrítica, _c[1980] |
||
| 300 |
_a348 p. ; _c20 cm. |
||
| 490 | 1 | _aEstudios y ensayos | |
| 700 | 1 |
_aPiaget, Jean, _d1896-1980 _991738 |
|
| 700 | 1 |
_aSánchez de Zavala, Víctor, _d1926-1996 _9102601 |
|
| 830 | 0 |
_aEstudios y ensayos _9181863 |
|
| 852 |
_aES-MaACL _jA-10914 _bR.100193 |
||
| 999 |
_c33388 _d33388 |
||